000 00232nam a2200097Ia 4500
001 683135
005 20250826161432.0
008 250824s9999 xx 000 0 und d
245 0 _aHZ ALİ
_cORHAN YENİARAS
260 _bPANAMA YAYINLARI
999 _c683135
_d683135